Catálogo Biblioteca Central

Luces de jurisprudencia interamericana sobre la pena de muerte (Registro nro. 232400)

Detalles MARC
000 -CABECERA
campo de control de longitud fija 00804naa a22002057i 4500
001 - NÚMERO DE CONTROL
campo de control 232400
003 - IDENTIFICADOR DEL NÚMERO DE CONTROL
campo de control ES-MaBCM
005 - FECHA Y HORA DE LA ÚLTIMA TRANSACCIÓN
campo de control 20260219142025.0
008 - CÓDIGOS DE INFORMACIÓN DE LONGITUD FIJA
campo de control de longitud fija 260219s2023 sp ||||| |||| 00| 0 spa d
040 ## - FUENTE DE LA CATALOGACIÓN
Centro transcriptor ES-MaBCM
100 1# - PUNTO DE ACCESO PRINCIPAL - NOMBRE DE PERSONA
Nombre de persona Acuña Pacheco, Alfredo
9 (RLIN) 131174
245 10 - MENCIÓN DE TÍTULO
Título Luces de jurisprudencia interamericana sobre la pena de muerte
Mención de responsabilidad etc. Alfredo Acuña Pacheco, Julieta Morales Sánchez
504 ## - NOTA DE BIBLIOGRAFÍA, ETC.
Nota de bibliografía etc. Incluye referencias bibliográficas
610 27 - PUNTO DE ACCESO ADICIONAL DE MATERIA--NOMBRE DE ENTIDAD CORPORATIVA
Nombre de entidad corporativa o nombre de jurisdicción como elemento inicial Corte Interamericana de Derechos Humanos
9 (RLIN) 51099
650 #7 - PUNTO DE ACCESO ADICIONAL DE MATERIA--TÉRMINO DE MATERIA
Término de materia o nombre geográfico como elemento inicial Pena de muerte
9 (RLIN) 59744
655 #4 - TÉRMINO DE INDIZACIÓN--GÉNERO/FORMA
Datos o término principal de género/forma Jurisprudencia
9 (RLIN) 115565
700 1# - PUNTO DE ACCESO ADICIONAL--NOMBRE DE PERSONA
Nombre de persona Morales Sánchez, Julieta
9 (RLIN) 131175
773 0# - ENLACE AL DOCUMENTO FUENTE
Lugar editor y fecha de publicación Valencia : Tirant lo Blanch , 2023
Parte(s) relacionada(s) p. [21]-48 - Loc. 62618
Título La crueldad en las constituciones y en los convenios internacionales
Número de control del registro relacionado 225307
942 ## - ELEMENTOS DE PUNTO DE ACCESO ADICIONAL (KOHA)
Fuente del sistema de clasificación o colocación Universal Decimal Classification
Tipo de ítem Koha Capítulos de monografías
Existencias
Estado de retiro Estado de pérdida Fuente del sistema de clasificación o colocación Estado dañado No para préstamo Localización permanente Ubicación/localización actual Ubicación en estantería Fecha de adquisición Total de préstamos Fecha visto por última vez Precio válido a partir de Tipo de ítem Koha
    Universal Decimal Classification     Biblioteca Central del Ministerio de la Presidencia Biblioteca Central del Ministerio de la Presidencia Sala 19/02/2026   19/02/2026 19/02/2026 Capítulos de monografías